Converting? You need patience, stamina and cash (Record no. 72492)
[ view plain ]
| 000 -LEADER | |
|---|---|
| fixed length control field | 01142cam a2200229 4500 |
| 001 - CONTROL NUMBER | |
| control field | ABS66646 |
| 008 - FIXED-LENGTH DATA ELEMENTS--GENERAL INFORMATION | |
| fixed length control field | 030414n2003 000 0 eng u |
| 035 ## - SYSTEM CONTROL NUMBER | |
| System control number | (Sirsi) u121984 |
| 100 ## - MAIN ENTRY--PERSONAL NAME | |
| Personal name | Cousins, D. |
| 245 ## - TITLE STATEMENT | |
| Title | Converting? You need patience, stamina and cash |
| 260 ## - PUBLICATION, DISTRIBUTION, ETC. | |
| Date of publication, distribution, etc. | 2003 |
| 490 ## - SERIES STATEMENT | |
| Series statement | Farmers' Weekly |
| Volume/sequential designation | 138(13) 28 March 2003, S6-S8(3) |
| 520 ## - SUMMARY, ETC. | |
| Summary, etc. | An architect advises on what to consider when converting a redundant farm building into such things as farm shops, offices, tea rooms, workshops, conference venues and even children's nurseries. Considerations include the length of time, money and perseverence required, how to deal with planners; with a section on dealing with listed buildings. Goes on to consider what sort of tenants are in mind, what potential tenants are looking for, disabled access, the amount of floorspace actually available for renting, fittings and services. |
| 590 ## - LOCAL NOTE (RLIN) | |
| Local note | ABS |
| 650 ## - SUBJECT ADDED ENTRY--TOPICAL TERM | |
| Topical term or geographic name entry element | BARN CONVERSION |
| 650 ## - SUBJECT ADDED ENTRY--TOPICAL TERM | |
| Topical term or geographic name entry element | FARM BUILDINGS |
| 650 ## - SUBJECT ADDED ENTRY--TOPICAL TERM | |
| Topical term or geographic name entry element | LISTED BUILDINGS |
| 650 ## - SUBJECT ADDED ENTRY--TOPICAL TERM | |
| Topical term or geographic name entry element | PLANNING PROCESS |
| 650 ## - SUBJECT ADDED ENTRY--TOPICAL TERM | |
| Topical term or geographic name entry element | FARM ACCOMMODATION |
| 690 ## - LOCAL SUBJECT ADDED ENTRY--TOPICAL TERM (OCLC, RLIN) | |
| Topical term or geographic name as entry element | RURAL-FARM BUSINESS MANAGEMENT |
| 942 ## - ADDED ENTRY ELEMENTS (KOHA) | |
| Suppress in OPAC | 0 |
| Withdrawn status | Lost status | Source of classification or shelving scheme | Damaged status | Not for loan | Home library | Current library | Shelving location | Date acquired | Total Checkouts | Full call number | Barcode | Date last seen | Copy number | Price effective from | Koha item type |
|---|---|---|---|---|---|---|---|---|---|---|---|---|---|---|---|
| Dewey Decimal Classification | London | London | Journal article | 14/04/2003 | ABS66646 | 121984-1001 | 06/08/2019 | 1 | 06/08/2019 | Journal article |